U.S. Military Knowledge - Statistics

General Stats
  • This quiz has been taken 1,036 times
  • The average score is 18 of 27
Answer Stats
Hint Answer % Correct
This service is known for protecting the air Air Force
99%
This service is known for protecting the land Army
99%
This service is known for protecting the seas Navy
99%
This service is known for protecting the US territorial waters Coast Guard
95%
Show of respect by bringing your hand to your head / eyebrow Salute
94%
This service is known for protecting the air on land and sea Marines
91%
Lowest enlisted rank in the Army or Marines Private
89%
Award given when wounded or killed in action Purple Heart
85%
Highest award Medal of Honor
80%
Service members wear this Uniform
80%
The Navy doesn't have Generals, they have Admiral
78%
When a service member is released from the military Discharge
75%
5 star general who went on to be president after WW2 Dwight Eisenhower
72%
U.S. Military Headquarters Pentagon
71%
Navy's elite combat division Seals
71%
Holiday for people who serverd in the military Veterans Day
71%
As above but released due to ignoble conduct Dishonorable Discharge
56%
Army College West Point
56%
Whose face is on the above medal George Washington
55%
When enlisted service member join the military they go to Boot Camp
51%
From the halls of Montezuma to the shores of _______ Tripoli
44%
Lowest officer rank in the Navy Ensign
38%
Test service members must take before joining the military ASVAB
37%
Off we go into the wild ____ _____ Blue Yonder
35%
What a service member calls their hat Cover
34%
The acronym BDU stands for Battle Dress Uniform
31%
The acronym NCO stands for Non-comissioned officer
29%
No matching quizzes found
Score Distribution
Percent of People with Each Score
Percentile by Number Answered
Your Score History
You have not taken this quiz